000 00318nam a2200121 a 4500
008 111026s1992|||| d
100 1 _aMudr.Geiger, Fritz
245 1 0 _aBylinný receptár
_bDôverujte liečivým silám prírody
260 _bIkar
_aBratislava
_c1992
020 _c33
041 _aslo
044 _axo
_cSK
999 _c19846
_d19846